| 000 | 00479nam a2200169 a 4500 | ||
|---|---|---|---|
| 005 | 20140414131932.0 | ||
| 008 | 970101s19uu xx 00 eng d | ||
| 020 | _a0-8094-4829-7 | ||
| 050 |
_aREF 508 _bC54 1989 |
||
| 245 |
_aNature / _ceditor C. E. Berry. |
||
| 260 |
_aHong Kong : _bTime-Life Books, _c1983. |
||
| 300 | _a87 p. : ill., col. ; cm. | ||
| 440 | _aA Child's first library of learning | ||
| 650 | _aNature | ||
| 650 | _aQuestions and answers. | ||
| 999 |
_c112242 _d112242 |
||